000 01045nam a2200253 a 4500
001 000006570
005 20251017124518.0
008 090901s2006 dr 000 0 spa d
020 _a9945160362
040 _aDO-SdBNP
_bspa
_cBNPHU
082 _a362.2042
_bM524p
100 1 _aMella Mejías, César
_d1950-
_9210
245 1 0 _aPsiquiatría para todo el mundo :
_breflexiones sencillas que vinculan la especialidad con la sociología, la bioética, los problemas de género, la filosofía y el folcklor /
_cCésar Mella Mejías ; prólogo Fernando Sánchez Martínez.
260 _aSanto Domingo :
_bBúho,
_c2006.
300 _a216 p. ;
_c24 cm.
590 _aInventariado, 2018/ YL
500 _aIncluye datos biográficos del autor el las solapas
500 _aIncluye referencias bibliográficas y notas al pie de las páginas
650 4 _aPsiquiatría social
_918240
650 0 _aSalud mental
_9803
650 4 _aBioética
_9236
700 1 2 _aSánchez Martínez, Fernando,
_epról.
_97183
910 _aValidado. Control de calidad MFF
999 _c6361
_d6361